Central Library OPAC University of Rajshahi

Molecular spectra and molecular structure. (Record no. 9057)

MARC details
000 -LEADER
fixed length control field 00894cam a22002531 4500
001 - CONTROL NUMBER
control field 9057
003 - CONTROL NUMBER IDENTIFIER
rucl marc code BD-RjUL
005 - DATE AND TIME OF LATEST TRANSACTION
control field 20211208234716.0
008 - FIXED-LENGTH DATA ELEMENTS--GENERAL INFORMATION
fixed length control field 140120r19621945nyua b 000 0 eng
035 ## - SYSTEM CONTROL NUMBER
System control number (BD-RjUL)9102
040 ## - CATALOGING SOURCE
Original cataloging agency DLC
Transcribing agency DLC
Modifying agency DLC
-- BD-RjUL
Language of cataloging eng
041 ## - LANGUAGE CODE
Language code of text/sound track or separate title eng
082 00 - DEWEY DECIMAL CLASSIFICATION NUMBER
Classification number 539.1
Edition number 18
Author mark and year HEM 1962
100 1# - MAIN ENTRY--PERSONAL NAME
Personal name Herzberg, Gerhard,
Dates associated with a name 1904-1999.
9 (RLIN) 28114
245 10 - TITLE STATEMENT
Title Molecular spectra and molecular structure.
Statement of responsibility, etc. Gerhard Herzberg.
Number of part/section of a work Part II :
Name of part/section of a work Infrared and Raman spectra of polyatomic molecules /
260 ## - PUBLICATION, DISTRIBUTION, ETC. (IMPRINT)
Place of publication, distribution, etc. New York :
Name of publisher, distributor, etc. Van Nostrand
Date of publication, distribution, etc. c1945 [Printing 1962].
300 ## - PHYSICAL DESCRIPTION
Pagination xiii, 631 p. :
Illustrations diagrs. ;
Size 24 cm.
505 1# - FORMATTED CONTENTS NOTE
Formatted contents note Infrared and Raman spectra of polyatomic molecules
650 #0 - SUBJECT ADDED ENTRY--TOPICAL TERM
Topical term or geographic name as entry element Molecular spectroscopy
Form subdivision Tables.
9 (RLIN) 28115
Topical term or geographic name as entry element Molecular structure
Form subdivision Tables.
9 (RLIN) 28116
942 ## - ADDED ENTRY ELEMENTS (KOHA)
Source of classification or shelving scheme Dewey Decimal Classification
Koha item type Books
Holdings
Lost status Source of classification or shelving scheme Damaged status Not for loan Permanent Location Current Location Shelving location Date acquired Source of acquisition Cost, normal purchase price Total Checkouts Full call number Date last seen Copy number Koha item type
  Dewey Decimal Classification     Central Library, University of Rajshahi Central Library, University of Rajshahi   10/12/1963 Zeitlinger 116.00   539.1 HEM 1962 20/01/2014 C-4 Books